Les trésors des églises de France (Record no. 7773)

MARC details
000 -CABECERA
campo de control de longitud fija 00952nam a2200265 a 4500
001 - NÚMERO DE CONTROL
campo de control BRCA_8105
005 - FECHA Y HORA DE LA ÚLTIMA TRANSACCIÓN
campo de control 20190320210132.0
008 - DATOS DE LONGITUD FIJA--INFORMACIÓN GENERAL
campo de control de longitud fija 080414s1965----fr-a###f##---#000-0#fre-#
041 ## - CÓDIGO DE LENGUA
Código de lengua del texto/banda sonora o título independiente fre
044 ## - CÓDIGO DEL PAÍS DE LA ENTIDAD EDITORA/PRODUCTORA
Código MARC del país fr
050 #4 - SIGNATURA TOPOGRÁFICA DE LA BIBLIOTECA DEL CONGRESO
Número de clasificación NK2190
Número de documento/Ítem .T79
-- 1965
110 2# - ENTRADA PRINCIPAL--NOMBRE DE ENTIDAD CORPORATIVA
Nombre de entidad corporativa o nombre de jurisdicción como elemento de entrada Musée des Arts Décoratifs
9 (RLIN) 20169
245 10 - MENCIÓN DE TÍTULO
Título Les trésors des églises de France
260 ## - PUBLICACIÓN, DISTRIBUCIÓN, ETC.
Lugar de publicación, distribución, etc. France
Nombre del editor, distribuidor, etc. Caisse Nationale des Monuments Historiques
Fecha de publicación, distribución, etc. 1965
300 ## - DESCRIPCIÓN FÍSICA
Extensión XXXI, 464 p.
Otras características físicas il., (algunas a color) 254 láminas
Dimensiones 21 cm.
500 ## - NOTA GENERAL
Nota general Y155
500 ## - NOTA GENERAL
Nota general Dos ejemplares iguales inventariados como un sólo libro
500 ## - NOTA GENERAL
Nota general Material inventariado por el Banco de México
650 14 - PUNTO DE ACCESO ADICIONAL DE MATERIA--TÉRMINO DE MATERIA
Término de materia o nombre geográfico como elemento de entrada Arte cristiano y simbolismos
Subdivisión de forma Exhibiciones
Subdivisión geográfica Francia
9 (RLIN) 20170
650 14 - PUNTO DE ACCESO ADICIONAL DE MATERIA--TÉRMINO DE MATERIA
Término de materia o nombre geográfico como elemento de entrada Iglesias
Subdivisión de forma Decoración y ornamentación
Subdivisión geográfica Francia
9 (RLIN) 20171
650 14 - PUNTO DE ACCESO ADICIONAL DE MATERIA--TÉRMINO DE MATERIA
Término de materia o nombre geográfico como elemento de entrada Artes decorativas
Subdivisión de forma Iglesias
Subdivisión geográfica Francia
9 (RLIN) 20172
710 2# - PUNTO DE ACCESO ADICIONAL--NOMBRE DE ENTIDAD CORPORATIVA
Nombre de entidad corporativa o nombre de jurisdicción como elemento de entrada Caisse Nationale des Monuments Historiques
9 (RLIN) 20173
902 ## - CATALOGADOR
Iniciales GFM
942 ## - ELEMENTOS DE PUNTO DE ACCESO ADICIONAL (KOHA)
Fuente del sistema de clasificación o colocación Library of Congress Classification
Tipo de ítem Koha Libros
Holdings
Estado de retiro Estado de pérdida Estado dañado No para préstamo Localización permanente Ubicación/localización actual Fecha de adquisición Número de inventario Total de préstamos Signatura topográfica completa Código de barras Fecha visto por última vez Precio válido a partir de Tipo de ítem Koha
El ejemplar forma parte de la colección y puede ser consultado según las políticas vigentes.       Biblioteca del Museo Franz Mayer (Rogerio Casas-Alatriste) Biblioteca del Museo Franz Mayer (Rogerio Casas-Alatriste) 08/04/2014 Y155   NK2190 .T79 1965 (Y155) 8729 22/03/2019 22/03/2019 Libros